LEADER 00911nam0-22002891i-450- 001 990004604710403321 005 19990530 035 $a000460471 035 $aFED01000460471 035 $a(Aleph)000460471FED01 035 $a000460471 100 $a19990530d1913----km-y0itay50------ba 101 0 $aita 105 $ay-------001yy 200 1 $a<>Elegies of Albius Tibullus$eThe Corpus Tibullianum edited with introduction and notes on books I,II, and IV, 2-14$fby Kirby Flower Smith 210 $aNew York$cAmerica Book Company$dc1913 215 $a542 p.$d21 cm 500 1 $aCorpus Tibullianum$917946 700 1$aTibullus,$bAlbius$f$0161758 702 1$aSmith,$bKirby Flower 801 0$aIT$bUNINA$gRICA$2UNIMARC 901 $aBK 912 $a990004604710403321 952 $aI A 27$bBIBL.24927$fFLFBC 959 $aFLFBC 996 $aElegiae$917946 997 $aUNINA LEADER 00852nam0-22003131i-450- 001 990003749970403321 005 20150319145013.0 010 $a080391436-9 035 $a000374997 035 $aFED01000374997 035 $a(Aleph)000374997FED01 035 $a000374997 100 $a20030910d1980----km-y0itay50------ba 101 0 $aeng 102 $aUS 105 $ay-------001yy 200 1 $aDUAL-CAREER couples$fedited by Pepitone-Rockwell, Fran 210 $aBeverly Hills$cSage$d1980 215 $a294 p.$d22 cm 610 0 $aConiugi$aoccupazione$acarriera$aStati Uniti 676 $a306.872$v22$zita 702 1$aPepitone-Rockwell,$bFran 801 0$aIT$bUNINA$gRICA$2UNIMARC 901 $aBK 912 $a990003749970403321 952 $aA / PEP 1$b3162$fBFS 959 $aBFS 996 $aDUAL-CAREER couples$9508319 997 $aUNINA LEADER 01134nam2-2200349---450- 001 990003401730203316 005 20100519134322.0 010 $a88-14-14590-3 035 $a000340173 035 $aUSA01000340173 035 $a(ALEPH)000340173USA01 035 $a000340173 100 $a20100519d2009----km-y0itay50------ba 101 $aita 102 $aIT 105 $a||||||||001yy 200 1 $a<> Rutheni negli Stati Uniti$eSanta Sede e mobilità umana tra Ottocento e Novecento$fFederico Marti 210 $aMilano$cGiuffrè$d2009 215 $aXXXIII, 633 p.$d23 cm 225 2 $aMonografie giuridiche$fPontificia Università della Santa Croce$v36 410 0$1001000319754$12001$aMonografie giuridiche$v, 36 606 0 $aRuteni$yStati Uniti d'America$xDiritto canonico 676 $a262.9815 700 1$aMARTI,$bFederico$0607664 801 0$aIT$bsalbc$gISBD 912 $a990003401730203316 951 $aXXX.A. Coll. 134/ 2$b66176 G.$cXXX.A. Coll.$d00258644 959 $aBK 969 $aGIU 979 $aIANNONE$b90$c20100519$lUSA01$h1343 996 $aRutheni negli Stati Uniti$91126238 997 $aUNISA